000 00241nam a2200097Ia 4500
005 20250424112850.0
008 250424s9999 xx 000 0 und d
300 _a15 P. :ill. ; 28 cm.
650 _aCivil engineering--Periodicals.
942 _cSR
999 _c37585
_d37585